[Event "Yakutsk op"]
[Site "Yakutsk"]
[Date "2012.12.22"]
[Round "7"]
[White "Grigoriev, Pavel"]
[Black "Fedorov, Aisen"]
[Result "1-0"]
[WhiteElo "1814"]
[BlackElo "2306"]
[PlyCount "77"]
[EventDate "2012.12.17"]
[EventType "swiss"]
[EventRounds "9"]
[EventCountry "RUS"]
[SourceTitle "CBM 152 Extra"]
[Source "ChessBase"]
[SourceDate "2013.02.25"]
[SourceVersion "1"]
[SourceVersionDate "2013.02.25"]
[SourceQuality "1"]

1. e4 c5 2. Nc3 d6 3. Bb5+ Bd7 4. a4 Nc6 5. f4 e6 6. Nf3 a6 7. Bc4 Qc7 8. 0-0 g6 9. d3 Bg7 10. f5 gxf5 11. exf5 d5 12. Bxd5 0-0-0 13. fxe6 fxe6 14. Bxc6 Bxc6 15. Ng5 Bd4+ 16. Kh1 Nf6 17. Nce4 Bxe4 18. dxe4 Bg1 19. Bf4 Rxd1 20. Raxd1 e5 21. Bc1 Ng4 22. Kxg1 Qb6 23. c4 Qg6 24. h3 Nh6 25. Rd5 Rd8 26. Rxc5+ Kb8 27. Rxe5 Ng8 28. Bf4 Ka8 29. Ne6 Rd3 30. Nc7+ Ka7 31. Nd5 Qg7 32. a5 Rb3 33. Re8 Qd4+ 34. Kh2 b5 35. axb6+ Kb7 36. Rxg8 a5 37. Bb8 Qxe4 38. Rf7+ Kc6 39. Rc8# 1-0

[Event "Yakutsk op"]
[Site "Yakutsk"]
[Date "2012.12.18"]
[Round "1"]
[White "Grigoriev, Pavel"]
[Black "Odnorozhenko, Evgenyi"]
[Result "1/2-1/2"]
[WhiteElo "1814"]
[BlackElo "2296"]
[PlyCount "111"]
[EventDate "2012.12.17"]
[EventType "swiss"]
[EventRounds "9"]
[EventCountry "RUS"]
[SourceTitle "CBM 152 Extra"]
[Source "ChessBase"]
[SourceDate "2013.02.25"]
[SourceVersion "1"]
[SourceVersionDate "2013.02.25"]
[SourceQuality "1"]

1. e4 c5 2. Nc3 Nc6 3. f4 g6 4. Nf3 Bg7 5. Bb5 Nd4 6. a4 a6 7. Bc4 e6 8. 0-0 Ne7 9. e5 d5 10. exd6 Nef5 11. Ne4 Nxd6 12. Nxd6+ Qxd6 13. c3 Nc6 14. d3 0-0 15. Be3 b6 16. Qe2 Bb7 17. Rad1 Na5 18. d4 cxd4 19. Bxd4 Qxf4 20. Ba2 Bxd4+ 21. Nxd4 Qe4 22. Qf2 Bd5 23. Rde1 Qg4 24. Bxd5 exd5 25. Qf6 Nb7 26. Nf5 gxf5 27. Rxf5 Qg6 28. Rg5 Nc5 29. Rxg6+ hxg6 30. Qxb6 Rfc8 31. Re3 Rab8 32. Qf6 Rxb2 33. h4 Rb1+ 34. Kh2 Ne4 35. Qxa6 Rcb8 36. Qa7 Nf2 37. Qd4 Rh1+ 38. Kg3 Ne4+ 39. Rxe4 dxe4 40. Qxe4 Rc8 41. Kf2 Rc1 42. h5 gxh5 43. Qf4 Rc2+ 44. Kg1 R2xc3 45. Qg5+ Kf8 46. Qxh5 R8c5 47. Qh8+ Ke7 48. Qh4+ Kd7 49. Qd4+ Kc8 50. Qh8+ Kb7 51. Qh7 Rc1+ 52. Kh2 Rc7 53. Qe4+ Ka7 54. a5 R1c5 55. Qb4 R7c6 56. Qf4 1/2-1/2